[Event "GER-chT U20 Girls"]
[Site "Magdeburg"]
[Date "2010.12.30"]
[Round "7.3"]
[White "Warmer, Marina"]
[Black "Tran, My Linh"]
[Result "0-1"]
[WhiteElo "1519"]
[BlackElo "1927"]
[PlyCount "28"]
[EventDate "2010.12.27"]
[EventType "team-swiss"]
[EventRounds "7"]
[EventCountry "GER"]
[SourceTitle "CBM 140 Extra"]
[Source "ChessBase"]
[SourceDate "2011.03.01"]
[SourceVersion "1"]
[SourceVersionDate "2011.03.01"]
[SourceQuality "1"]
[WhiteTeam "Nordhorn Blanke"]
[BlackTeam "Rossdorf"]
[WhiteTeamCountry "GER"]
[BlackTeamCountry "GER"]

1. e4 e5 2. Nf3 Nc6 3. d4 exd4 4. Nxd4 Nf6 5. f3 d5 6. Nxc6 bxc6 7. Bd3 Bc5 8. Nc3 0-0 9. Bg5 Qd6 10. Bxf6 Qxf6 11. exd5 Re8+ 12. Be2 Ba6 13. Ne4 Rxe4 14. Rf1 Rxe2+ 0-1

[Event "Niedersachsen-chT U16"]
[Site "Verden an der Aller"]
[Date "2009.05.24"]
[Round "5.4"]
[White "Warmer, Marina"]
[Black "Fischer, Marvin"]
[Result "1/2-1/2"]
[WhiteElo "1417"]
[BlackElo "1411"]
[PlyCount "86"]
[EventDate "2009.05.21"]
[EventType "team-tourn"]
[EventRounds "5"]
[EventCountry "GER"]
[SourceTitle "EXT 2010"]
[Source "ChessBase"]
[SourceDate "2010.11.25"]
[SourceVersion "1"]
[SourceVersionDate "2010.11.25"]
[SourceQuality "1"]
[WhiteTeam "Nordhorn Blanke"]
[BlackTeam "Oesede Georgsmarienhuette"]
[WhiteTeamCountry "GER"]
[BlackTeamCountry "GER"]

1. e4 e5 2. Nf3 Nf6 3. Nc3 Nc6 4. Bc4 Bc5 5. d3 d6 6. Bg5 h6 7. Be3 0-0 8. Bxc5 dxc5 9. Qd2 Re8 10. 0-0-0 a6 11. Bd5 Nb4 12. Bb3 b5 13. a3 Nc6 14. Bd5 Bb7 15. Rdg1 Nxd5 16. Nxd5 Nd4 17. Ne3 a5 18. h4 Qd7 19. b3 a4 20. b4 cxb4 21. axb4 a3 22. Nxd4 exd4 23. Nf5 Re6 24. g4 Rc8 25. f3 c5 26. h5 cxb4 27. Qxb4 a2 28. Kb2 Rd8 29. Kxa2 Ra8+ 30. Kb2 Ra4 31. Qd2 b4 32. Ra1 Rea6 33. Qf2 b3 34. cxb3 Rb4 35. Rxa6 Bxa6 36. Qc2 Qb5 37. Ne7+ Kf8 38. Nd5 Ra4 39. Rd1 Ra5 40. Nc7 Qb6 41. Nxa6 Qxa6 42. Qb1 Qd6 43. Kc2 Rc5+ 1/2-1/2

[Event "Niedersachsen-chT U16"]
[Site "Verden an der Aller"]
[Date "2009.05.21"]
[Round "1.4"]
[White "Warmer, Marina"]
[Black "Evers, Annika"]
[Result "0-1"]
[WhiteElo "1417"]
[BlackElo "1454"]
[PlyCount "82"]
[EventDate "2009.05.21"]
[EventType "team-tourn"]
[EventRounds "5"]
[EventCountry "GER"]
[SourceTitle "EXT 2010"]
[Source "ChessBase"]
[SourceDate "2010.11.25"]
[SourceVersion "1"]
[SourceVersionDate "2010.11.25"]
[SourceQuality "1"]
[WhiteTeam "Nordhorn Blanke"]
[BlackTeam "Stade"]
[WhiteTeamCountry "GER"]
[BlackTeamCountry "GER"]

1. e4 c5 2. Nc3 Nc6 3. f4 g6 4. Bc4 Bg7 5. Nf3 d6 6. d3 Nf6 7. 0-0 0-0 8. Qe1 Bd7 9. Qh4 e6 10. Bd2 Ne8 11. Qg3 Nc7 12. f5 Ne5 13. fxg6 hxg6 14. Bb3 b5 15. a3 c4 16. dxc4 bxc4 17. Ba2 Nb5 18. Nd1 Nxf3+ 19. gxf3 Nxa3 20. Qxd6 Bb5 21. Qxd8 Rfxd8 22. Rf2 Nxc2 23. Rc1 Bd4 24. Rxc2 Bxf2+ 25. Nxf2 Ba4 26. Rxc4 Rxd2 27. Rxa4 Rxb2 28. Nd3 Rc2 29. Ne5 Rd8 30. Bc4 Rd1+ 31. Bf1 Rcc1 32. Kg2 Rxf1 33. Ra2 Ra1 34. Rd2 Rfd1 35. Rc2 f6 36. Rc8+ Kg7 37. Rc7+ Kh6 38. Ng4+ Kg5 39. Kg3 Rg1+ 40. Kh3 Ra3 41. Rc5+ f5 0-1

[Event "Niedersachsen-ch Girls"]
[Site "Rotenburg"]
[Date "2009.04.08"]
[Round "7"]
[White "Warmer, Marina"]
[Black "Steffens, Skrolan"]
[Result "1-0"]
[WhiteElo "1325"]
[BlackElo "1194"]
[PlyCount "143"]
[EventDate "2009.04.04"]
[EventType "swiss"]
[EventRounds "9"]
[EventCountry "GER"]
[SourceTitle "EXT 2010"]
[Source "ChessBase"]
[SourceDate "2010.11.25"]
[SourceVersion "1"]
[SourceVersionDate "2010.11.25"]
[SourceQuality "1"]

1. e4 g6 2. d4 d6 3. Be3 Bg7 4. Nc3 a6 5. Qd2 b5 6. 0-0-0 Bb7 7. f3 Nd7 8. g4 Ngf6 9. Bh6 0-0 10. h4 c5 11. Nge2 Qa5 12. a3 b4 13. axb4 cxb4 14. Nb1 Rac8 15. Ng3 Rc6 16. Bd3 Rfc8 17. h5 Qc7 18. Bxg7 Kxg7 19. hxg6 fxg6 20. Qh6+ Kf7 21. Rd2 Nf8 22. g5 N6d7 23. f4 Ke8 24. f5 Nb6 25. fxg6 hxg6 26. Rf1 Nbd7 27. Ne2 Qb6 28. d5 Rc5 29. Nf4 Kd8 30. Nxg6 Nxg6 31. Qxg6 Kc7 32. Qe6 Ne5 33. Qxe7+ Kb8 34. Rff2 Nxd3+ 35. Rxd3 R5c7 36. Qf6 a5 37. g6 Re8 38. Re2 Ba6 39. Kd2 Bxd3 40. Kxd3 Rcc8 41. Rg2 Qd8 42. Rf2 Qxf6 43. Rxf6 Rcd8 44. Nd2 a4 45. Nc4 Rf8 46. Rxf8 Rxf8 47. Nxd6 a3 48. bxa3 bxa3 49. g7 Rg8 50. Kc3 Rxg7 51. Kb3 Ra7 52. Ka2 Ra4 53. Nb5 Rxe4 54. Kxa3 Re5 55. c4 Kc8 56. Kb4 Kd7 57. Kc5 Re1 58. Kd4 Rc1 59. c5 Ke7 60. Nc3 Kd7 61. Ne4 Kc7 62. Nd6 Rb1 63. Nc4 Kd7 64. c6+ Kc7 65. Kc5 Rh1 66. d6+ Kc8 67. Nb6+ Kb8 68. Nd5 Rh5 69. d7 Rh8 70. c7+ Kb7 71. d8Q Rxd8 72. cxd8Q 1-0

[Event "GER-chT U14 Girls"]
[Site "Dittrichshuette"]
[Date "2008.12.30"]
[Round "7.3"]
[White "Brock, Sharlena"]
[Black "Warmer, Marina"]
[Result "1/2-1/2"]
[WhiteElo "1208"]
[BlackElo "1343"]
[PlyCount "103"]
[EventDate "2008.12.27"]
[EventType "team-swiss"]
[EventRounds "7"]
[EventCountry "GER"]
[SourceTitle "EXT 2010"]
[Source "ChessBase"]
[SourceDate "2010.11.25"]
[SourceVersion "1"]
[SourceVersionDate "2010.11.25"]
[SourceQuality "1"]
[WhiteTeam "Dortmund 1875"]
[BlackTeam "Nordhorn Blanke"]
[WhiteTeamCountry "GER"]
[BlackTeamCountry "GER"]

1. e4 e6 2. Nf3 d5 3. exd5 exd5 4. Be2 Bd6 5. 0-0 c6 6. d4 Qc7 7. Be3 Be6 8. Nbd2 Nd7 9. c4 b6 10. cxd5 Bxd5 11. Qc2 Ne7 12. Bd3 0-0-0 13. Ne4 f6 14. Nxd6+ Qxd6 15. Be4 Kb7 16. Rfc1 Rc8 17. Bxd5 cxd5 18. Qb3 Rxc1+ 19. Rxc1 Nf5 20. Bd2 Re8 21. Bb4 Qe6 22. Re1 Qf7 23. Rxe8 Qxe8 24. Qxd5+ Ka6 25. Qxf5 g6 26. Qd3+ Kb7 27. a4 Nb8 28. a5 Qa4 29. Bd6 Qa1+ 30. Qf1 Qxb2 31. Bxb8 Kxb8 32. axb6 Qxb6 33. Qe1 a5 34. Qe8+ Kb7 35. d5 Qd6 36. Qb5+ Qb6 37. Qxb6+ Kxb6 38. d6 Kc6 39. d7 Kxd7 40. Nd4 Kd6 41. Nc2 Kc5 42. Kf1 Kc4 43. Ke2 a4 44. Kd2 Kb3 45. Kd3 a3 46. Nxa3 Kxa3 47. h4 Kb2 48. g4 h6 49. Ke4 Kc3 50. f4 Kc2 51. f5 g5 52. hxg5 1/2-1/2

[Event "GER-chT U14 Girls"]
[Site "Dittrichshuette"]
[Date "2008.12.28"]
[Round "3.3"]
[White "Warmer, Marina"]
[Black "Stolcz, Bianca"]
[Result "0-1"]
[WhiteElo "1343"]
[BlackElo "1376"]
[PlyCount "94"]
[EventDate "2008.12.27"]
[EventType "team-swiss"]
[EventRounds "7"]
[EventCountry "GER"]
[SourceTitle "EXT 2010"]
[Source "ChessBase"]
[SourceDate "2010.11.25"]
[SourceVersion "1"]
[SourceVersionDate "2010.11.25"]
[SourceQuality "1"]
[WhiteTeam "Nordhorn Blanke"]
[BlackTeam "Erlangen"]
[WhiteTeamCountry "GER"]
[BlackTeamCountry "GER"]

1. e4 c5 2. Nc3 Nc6 3. f4 e6 4. Bc4 d6 5. Nf3 Be7 6. d3 Nf6 7. 0-0 0-0 8. Qe1 a6 9. a4 d5 10. Bb3 b6 11. Qg3 Nd4 12. Ne5 dxe4 13. Qe3 exd3 14. Qxd3 Bb7 15. Bc4 Qc7 16. Qd2 Rfd8 17. Qf2 Bd6 18. Nd3 Ng4 19. Qd2 Qc6 20. Ne1 Bc7 21. Qd1 Nf6 22. Rf2 Nb3 23. Qxd8+ Rxd8 24. cxb3 Ne4 25. Re2 Nxc3 26. bxc3 Rd1 27. Kf1 Bxf4 28. Bb2 Rxa1 29. Bxa1 Bxh2 30. Nf3 Bc7 31. Bb2 b5 32. axb5 axb5 33. Bd3 c4 34. bxc4 bxc4 35. Be4 Qb6 36. Bxb7 Qxb7 37. Rd2 h6 38. Ba3 Qb1+ 39. Ke2 Ba5 40. Bb2 Qe4+ 41. Kd1 h5 42. Ba3 f6 43. Bb4 Bxb4 44. cxb4 Qb1+ 45. Ke2 Qxb4 46. Nd4 c3 47. Nc2 Qe4+ 0-1

[Event "Niedersachsen-chT U14"]
[Site "Verden an der Aller"]
[Date "2008.05.02"]
[Round "4.1"]
[White "Warmer, Marina"]
[Black "Heermann, Kai"]
[Result "0-1"]
[WhiteElo "1146"]
[BlackElo "1486"]
[PlyCount "92"]
[EventDate "2008.05.01"]
[EventType "team"]
[EventRounds "7"]
[EventCountry "GER"]
[SourceTitle "EXT 2009"]
[Source "ChessBase"]
[SourceDate "2008.11.26"]
[SourceVersion "1"]
[SourceVersionDate "2008.11.26"]
[SourceQuality "1"]

1. e4 d5 2. exd5 Qxd5 3. Nc3 Qa5 4. Bc4 Nf6 5. d3 c6 6. Nge2 Bf5 7. Nd4 Bg6 8. Be3 e6 9. Qf3 Bd6 10. 0-0 Nbd7 11. Rfe1 Nf8 12. Nb3 Qc7 13. Kh1 Bh5 14. Qh3 Bg4 15. Qh4 Ng6 16. Qg5 b6 17. Ne4 Nxe4 18. Qxg4 Nf6 19. Qe2 b5 20. Bxe6 fxe6 21. Bc5 Nf8 22. Rad1 a5 23. c3 a4 24. Bxd6 Qxd6 25. Nd4 Kf7 26. Nf3 h6 27. c4 Ng6 28. Ne5+ Qxe5 29. Qxe5 Nxe5 30. Rxe5 bxc4 31. dxc4 Rab8 32. Rd2 Rhd8 33. Rxd8 Rxd8 34. h3 Rd2 35. Ra5 Rxb2 36. Rxa4 Rxf2 37. Ra7+ Kg6 38. Ra6 e5 39. Rxc6 Rxa2 40. Re6 Rc2 41. Rc6 e4 42. Kg1 e3 43. Kf1 Kf5 44. Rc7 Ne4 45. Rf7+ Kg6 46. Rf3 Nd2+ 0-1

[Event "Niedersachsen-chT U14"]
[Site "Verden an der Aller"]
[Date "2008.05.01"]
[Round "2.1"]
[White "Warmer, Marina"]
[Black "Konow, Philipp"]
[Result "0-1"]
[WhiteElo "1146"]
[BlackElo "1872"]
[PlyCount "50"]
[EventDate "2008.05.01"]
[EventType "team"]
[EventRounds "7"]
[EventCountry "GER"]
[SourceTitle "EXT 2009"]
[Source "ChessBase"]
[SourceDate "2008.11.26"]
[SourceVersion "1"]
[SourceVersionDate "2008.11.26"]
[SourceQuality "1"]

1. e4 c5 2. Nc3 Nc6 3. f4 g6 4. Nf3 Bg7 5. Bc4 e6 6. 0-0 Nge7 7. d3 0-0 8. Qe1 d5 9. Bb3 b6 10. Qh4 Ba6 11. a3 Nd4 12. Nxd4 cxd4 13. Nd1 dxe4 14. Nf2 e3 15. Ne4 Nd5 16. Qxd8 Rfxd8 17. Rd1 Nxf4 18. Bc4 Bxc4 19. dxc4 Rac8 20. b3 d3 21. Ra2 dxc2 22. Rxd8+ Rxd8 23. Bxe3 Bd4 24. Rxc2 Bxe3+ 25. Kf1 Rd1# 0-1

[Event "Niedersachsen-ch U16/18 Girls"]
[Site "Rotenburg"]
[Date "2008.03.20"]
[Round "6"]
[White "Warmer, Marina"]
[Black "Klink, Elina"]
[Result "1/2-1/2"]
[WhiteElo "1088"]
[BlackElo "1512"]
[PlyCount "107"]
[EventDate "2008.03.15"]
[EventType "swiss"]
[EventRounds "7"]
[EventCountry "GER"]
[SourceTitle "EXT 2009"]
[Source "ChessBase"]
[SourceDate "2008.11.26"]
[SourceVersion "1"]
[SourceVersionDate "2008.11.26"]
[SourceQuality "1"]

1. e4 c5 2. Nc3 Nc6 3. f4 d6 4. Nf3 Nd4 5. Bc4 g6 6. Nxd4 cxd4 7. Ne2 e5 8. 0-0 Nf6 9. d3 Bg7 10. Bd2 0-0 11. Be1 Ng4 12. Bd2 Qh4 13. h3 Nh6 14. Qe1 Qd8 15. Ng3 Bd7 16. f5 gxf5 17. exf5 Qh4 18. Qf2 Bf6 19. Qf3 Bc6 20. Qf2 Kg7 21. Ne4 Qxf2+ 22. Rxf2 Bxe4 23. dxe4 Rac8 24. Bd3 Ng8 25. Rf3 Bh4 26. g4 f6 27. Kh2 h6 28. Rg1 Rc6 29. Rg2 Rb6 30. b3 a6 31. Bc4 Ne7 32. Be6 Rc6 33. Bb4 Rd8 34. a4 b6 35. a5 b5 36. Rd3 Rc7 37. Re2 d5 38. Bxe7 Rxe7 39. Bxd5 b4 40. Bc4 Rd6 41. Rg2 Rc7 42. Rg1 Rc5 43. Ra1 Rdc6 44. Ra2 Be1 45. Kg2 Bc3 46. h4 Rc8 47. Rg3 Be1 48. Rh3 Bd2 49. Rd3 Be1 50. Kh3 Bc3 51. Rg3 Bd2 52. Rg2 Bf4 53. Rf2 R8c6 54. Ra4 1/2-1/2

[Event "GER-chT U14 Girls"]
[Site "Stuttgart"]
[Date "2007.12.27"]
[Round "2.4"]
[White "Warmer, Marina"]
[Black "Winkhaus, Jeanne Verena"]
[Result "1-0"]
[WhiteElo "1152"]
[BlackElo "800"]
[PlyCount "67"]
[EventDate "2007.12.27"]
[EventType "team-swiss"]
[EventRounds "7"]
[EventCountry "GER"]
[SourceTitle "EXT 2009"]
[Source "ChessBase"]
[SourceDate "2008.11.26"]
[SourceVersion "1"]
[SourceVersionDate "2008.11.26"]
[SourceQuality "1"]
[WhiteTeam "Nordhorn Blanke U14 Girls"]
[BlackTeam "Dortmund SV U14 Girls"]
[WhiteTeamCountry "GER"]
[BlackTeamCountry "GER"]

1. e4 e5 2. Nf3 Nc6 3. d4 exd4 4. Nxd4 Ne5 5. Nc3 Bb4 6. Bd2 Nf6 7. f4 Ng6 8. Qf3 0-0 9. Bc4 d6 10. h3 Nh4 11. Qe2 c5 12. Nf3 Nxf3+ 13. Qxf3 Bxc3 14. Bxc3 Re8 15. e5 dxe5 16. fxe5 a6 17. 0-0 Be6 18. Bxe6 Rxe6 19. exf6 gxf6 20. Bxf6 Rxf6 21. Qxf6 Qxf6 22. Rxf6 Kg7 23. Raf1 Rf8 24. R6f5 b6 25. Rf6 b5 26. Rxa6 Re8 27. Ra7 Rf8 28. Ra5 Rb8 29. c3 b4 30. cxb4 cxb4 31. Raf5 Rb7 32. Rg5+ Kh6 33. h4 b3 34. Rf6# 1-0

[Event "Niedersachsen-chT U14"]
[Site "Stade"]
[Date "2007.05.17"]
[Round "1.3"]
[White "Warmer, Marina"]
[Black "Mayer, Vincent"]
[Result "1-0"]
[WhiteElo "1118"]
[BlackElo "784"]
[PlyCount "75"]
[EventDate "2007.05.17"]
[EventType "team-tourn"]
[EventRounds "7"]
[EventCountry "GER"]
[SourceTitle "EXT 2008"]
[Source "ChessBase"]
[SourceDate "2007.11.25"]
[SourceVersion "1"]
[SourceVersionDate "2007.11.25"]
[SourceQuality "1"]

1. e4 e5 2. Nf3 Nc6 3. d4 Nf6 4. Nxe5 Nxe5 5. dxe5 Nxe4 6. Qf3 d5 7. exd6 Nxd6 8. Bf4 Qe7+ 9. Be2 Bf5 10. Bxd6 Qxd6 11. Qxf5 Be7 12. 0-0 Rd8 13. Nc3 0-0 14. Rfd1 Qc6 15. Rxd8 Rxd8 16. Rd1 Rxd1+ 17. Bxd1 Qd6 18. h3 Qd2 19. Qd3 Qe1+ 20. Qf1 Qe5 21. Bf3 Bd6 22. g3 b5 23. Qxb5 Qe1+ 24. Kg2 Qd2 25. Ne4 Qd4 26. Nxd6 Qxd6 27. Qe8+ Qf8 28. Qxf8+ Kxf8 29. Be4 h6 30. f4 Ke7 31. Kf3 Ke6 32. a4 c5 33. c3 c4 34. Bc6 Kd6 35. Bb5 Kd5 36. g4 Kc5 37. Ke4 Kb6 38. Bxc4 1-0

[Event "Niedersachsen-ch U14"]
[Site "Rotenburg/Wuemme"]
[Date "2007.04.04"]
[Round "6"]
[White "Warmer, Marina"]
[Black "Muermans, Ansgar"]
[Result "0-1"]
[WhiteElo "1197"]
[BlackElo "708"]
[PlyCount "34"]
[EventDate "2007.03.31"]
[EventType "swiss"]
[EventRounds "9"]
[EventCountry "GER"]
[SourceTitle "EXT 2008"]
[Source "ChessBase"]
[SourceDate "2007.11.25"]
[SourceVersion "1"]
[SourceVersionDate "2007.11.25"]
[SourceQuality "1"]

1. e4 e5 2. Nf3 Nc6 3. d4 exd4 4. Nxd4 Nf6 5. Nc3 Bb4 6. f3 0-0 7. Bf4 Re8 8. Ndb5 Ba5 9. Bc4 a6 10. Nd4 b5 11. Be2 Nxe4 12. fxe4 Rxe4 13. Nxc6 Qf6 14. Nxa5 Rxf4 15. Rf1 b4 16. Rxf4 Qxf4 17. Nd5 Qd4 0-1

[Event "Niedersachsen-ch U14"]
[Site "Rotenburg/Wuemme"]
[Date "2007.03.31"]
[Round "1"]
[White "Kusmierek, Kasper Jan"]
[Black "Warmer, Marina"]
[Result "1-0"]
[WhiteElo "1610"]
[BlackElo "1197"]
[PlyCount "67"]
[EventDate "2007.03.31"]
[EventType "swiss"]
[EventRounds "9"]
[EventCountry "GER"]
[SourceTitle "EXT 2008"]
[Source "ChessBase"]
[SourceDate "2007.11.25"]
[SourceVersion "1"]
[SourceVersionDate "2007.11.25"]
[SourceQuality "1"]

1. e4 e6 2. d4 d5 3. exd5 exd5 4. c4 c6 5. Nc3 Be6 6. Qb3 dxc4 7. Qxb7 Nd7 8. Qxc6 Rc8 9. Qa4 Qb6 10. Nf3 Bd6 11. Be2 Ngf6 12. 0-0 0-0 13. Qc2 Nd5 14. Ng5 N5f6 15. Nxe6 fxe6 16. Ne4 Nxe4 17. Qxe4 Rfe8 18. Bg4 Nf6 19. Qe2 Nxg4 20. Qxg4 e5 21. dxe5 Bxe5 22. Rb1 c3 23. Be3 Qa6 24. bxc3 Bxc3 25. Rbc1 Qxa2 26. Bd4 Qf7 27. Rxc3 Rxc3 28. Bxc3 a6 29. Ra1 Re6 30. Rxa6 Re7 31. Ra8+ Re8 32. Rxe8+ Qf8 33. Qe6+ Kh8 34. Rxf8# 1-0

[Event "GER North-chT U16"]
[Site "Magdeburg"]
[Date "2006.08.27"]
[Round "3.2"]
[White "Haensch, Sarah"]
[Black "Warmer, Marina"]
[Result "0-1"]
[WhiteElo "766"]
[BlackElo "1185"]
[PlyCount "72"]
[EventDate "2006.08.26"]
[EventType "team"]
[EventRounds "7"]
[EventCountry "GER"]
[SourceTitle "EXT 2007"]
[Source "ChessBase"]
[SourceDate "2006.11.23"]
[SourceVersion "1"]
[SourceVersionDate "2006.11.23"]
[SourceQuality "1"]

1. e4 e6 2. Nc3 d5 3. exd5 exd5 4. d4 c6 5. Nf3 Bg4 6. Be2 Bd6 7. Ne5 Bf5 8. Bf4 f6 9. Nd3 Bxd3 10. Bxd3 Bxf4 11. 0-0 Nd7 12. Re1+ Ne7 13. Qf3 Bd6 14. Qf5 g6 15. Qe6 Qc7 16. g3 0-0-0 17. Qe2 Qb6 18. Qe3 Qxb2 19. Qd2 Bb4 20. Rab1 Qxc3 21. Qxc3 Bxc3 22. Rxe7 Bxd4 23. a4 Nc5 24. Be2 Rde8 25. Rf7 Rxe2 26. a5 Rxf2 27. a6 b5 28. Rxa7 Kb8 29. Rf7 Nxa6 30. Rb3 Rxc2+ 31. Kh1 Re8 32. Rb1 h5 33. Rd7 Nc5 34. Rd6 Re6 35. Rd8+ Kb7 36. Rd1 Bc3 0-1

[Event "Niedersachsen-ch U12"]
[Site "Rotenburg/Wuemme"]
[Date "2006.04.11"]
[Round "5"]
[White "Lienau, Henrik"]
[Black "Warmer, Marina"]
[Result "0-1"]
[WhiteElo "938"]
[BlackElo "959"]
[PlyCount "56"]
[EventDate "2006.04.08"]
[EventType "swiss"]
[EventRounds "11"]
[EventCountry "GER"]
[SourceTitle "EXT 2007"]
[Source "ChessBase"]
[SourceDate "2006.11.23"]
[SourceVersion "1"]
[SourceVersionDate "2006.11.23"]
[SourceQuality "1"]

1. e4 e6 2. d4 d5 3. Nc3 Nf6 4. e5 Nfd7 5. f4 c5 6. Nf3 Nc6 7. Ne2 Qb6 8. c3 f6 9. Qc2 Be7 10. Be3 0-0 11. Ng3 Re8 12. Bd3 Nf8 13. 0-0 Bd7 14. a3 Red8 15. b4 c4 16. Be2 Be8 17. a4 a6 18. a5 Qc7 19. Ra2 b6 20. Rfa1 bxa5 21. bxa5 Bg6 22. Qc1 Rab8 23. Rb2 Nxa5 24. Rxb8 Rxb8 25. Bd1 Nb3 26. Bxb3 cxb3 27. Rxa6 b2 28. Qb1 Bxb1 0-1

[Event "Niedersachsen-ch U12"]
[Site "Rotenburg/Wuemme"]
[Date "2006.04.11"]
[Round "6"]
[White "Rieping, Heiner"]
[Black "Warmer, Marina"]
[Result "1-0"]
[WhiteElo "1397"]
[BlackElo "959"]
[PlyCount "39"]
[EventDate "2006.04.08"]
[EventType "swiss"]
[EventRounds "11"]
[EventCountry "GER"]
[SourceTitle "EXT 2007"]
[Source "ChessBase"]
[SourceDate "2006.11.23"]
[SourceVersion "1"]
[SourceVersionDate "2006.11.23"]
[SourceQuality "1"]

1. e4 e6 2. d4 d5 3. exd5 exd5 4. Bd3 Bd6 5. Ne2 Ne7 6. Nbc3 c6 7. Be3 Qc7 8. Qd2 Be6 9. 0-0-0 Nd7 10. f3 0-0-0 11. g4 g6 12. h4 h5 13. Nf4 Rdf8 14. gxh5 gxh5 15. Rdg1 Rfg8 16. Rxg8+ Rxg8 17. Rg1 Nf6 18. Nxe6 fxe6 19. Ne2 e5 20. dxe5 1-0

[Event "Niedersachsen-ch U12"]
[Site "Rotenburg/Wuemme"]
[Date "2006.04.09"]
[Round "2"]
[White "Thumulka, Patrick"]
[Black "Warmer, Marina"]
[Result "1-0"]
[WhiteElo "1478"]
[BlackElo "959"]
[PlyCount "35"]
[EventDate "2006.04.08"]
[EventType "swiss"]
[EventRounds "11"]
[EventCountry "GER"]
[SourceTitle "EXT 2007"]
[Source "ChessBase"]
[SourceDate "2006.11.23"]
[SourceVersion "1"]
[SourceVersionDate "2006.11.23"]
[SourceQuality "1"]

1. e4 e6 2. d4 d5 3. Nc3 c5 4. Nf3 Nc6 5. Bb5 Bd7 6. exd5 Na5 7. dxe6 fxe6 8. dxc5 Bxb5 9. Qxd8+ Rxd8 10. Nxb5 a6 11. Nbd4 Kf7 12. 0-0 Bxc5 13. Ng5+ Kf6 14. Ndxe6 Rc8 15. Nxc5 Rxc5 16. Ne4+ Kf7 17. Nxc5 b6 18. Nxa6 1-0

[Event "Niedersachsen-ch U12"]
[Site "Rotenburg/Wuemme"]
[Date "2006.04.08"]
[Round "1"]
[White "Lindner, Robert"]
[Black "Warmer, Marina"]
[Result "0-1"]
[WhiteElo "1404"]
[BlackElo "959"]
[PlyCount "90"]
[EventDate "2006.04.08"]
[EventType "swiss"]
[EventRounds "11"]
[EventCountry "GER"]
[SourceTitle "EXT 2007"]
[Source "ChessBase"]
[SourceDate "2006.11.23"]
[SourceVersion "1"]
[SourceVersionDate "2006.11.23"]
[SourceQuality "1"]

1. e4 e6 2. d4 d5 3. exd5 exd5 4. Bd3 Bd6 5. Nc3 c6 6. Nge2 Qc7 7. Bg5 f6 8. Bh4 Ne7 9. Qd2 Bf5 10. Bg3 Bxd3 11. Qxd3 Nd7 12. 0-0-0 0-0-0 13. Rde1 Rde8 14. Kb1 Ng6 15. Nc1 Nf4 16. Rxe8+ Rxe8 17. Bxf4 Bxf4 18. Qxh7 Nf8 19. Qf5+ Kd8 20. g3 Bd6 21. Qd3 Ne6 22. Re1 Qb6 23. N1e2 Ba3 24. Na4 Qb4 25. Qc3 Qxa4 26. Qxa3 Qxa3 27. bxa3 Nxd4 28. Nxd4 Rxe1+ 29. Kb2 Rd1 30. Ne6+ Ke7 31. Nxg7 Rd2 32. Nf5+ Ke6 33. Ng7+ Ke5 34. f4+ Ke4 35. Ne8 Rxh2 36. Nd6+ Kf3 37. Nxb7 Kxg3 38. f5 Kg4 39. Nd6 Rh7 40. Kc3 Rd7 41. Ne8 Kxf5 42. Kd4 Ke6 43. c4 dxc4+ 44. Kxc4 f5 45. Kc5 Re7 0-1